Функционирование знаков препинания в середине предложения в некодифицированных текстах; Межкультурная коммуникация: теория и практика; Ч. 2

Detalles Bibliográficos
Parent link:Межкультурная коммуникация: теория и практика: сборник статей X Международной научно-практической конференции "Лингвистические и культурологические традиции образования", 12-14 ноября 2010 г., Томск/ Национальный исследовательский Томский политехнический университет (ТПУ), Энергетический институт (ЭНИН) ; под ред. Н. А. Качалова.— , 2010.— 5-87307-103-9
Ч. 2.— 2010.— С. 222-230
Autor principal: Ярица Л. И. Людмила Ивановна
Lenguaje:inglés
Publicado: 2010
Materias:
Formato: MixedMaterials Capítulo de libro
KOHA link:https://koha.lib.tpu.ru/cgi-bin/koha/opac-detail.pl?biblionumber=238834

MARC

LEADER 00000naa2a2200000 4500
001 238834
005 20231031205235.0
035 |a (RuTPU)RU\TPU\book\260042 
035 |a RU\TPU\book\260032 
090 |a 238834 
100 |a 20130531d2010 k y0rusy50 ca 
101 0 |a eng 
102 |a RU 
200 1 |a Функционирование знаков препинания в середине предложения в некодифицированных текстах  |f Л. И. Ярица 
320 |a Библиогр.: с. 229-230 (11 назв.) 
461 0 |0 (RuTPU)RU\TPU\book\251515  |y 5-87307-103-9  |t Межкультурная коммуникация: теория и практика  |o сборник статей X Международной научно-практической конференции "Лингвистические и культурологические традиции образования", 12-14 ноября 2010 г., Томск  |o в 2 ч.  |f Национальный исследовательский Томский политехнический университет (ТПУ), Энергетический институт (ЭНИН) ; под ред. Н. А. Качалова  |d 2010 
463 0 |0 (RuTPU)RU\TPU\book\250302  |t Ч. 2  |v С. 222-230  |d 2010  |p 234 с. 
610 1 |a труды учёных ТПУ 
610 1 |a некодифицированные тексты 
610 1 |a знаки препинания 
610 1 |a пунктуация 
700 1 |a Ярица  |b Л. И.  |c лингвист  |c доцент Томского политехнического университета  |g Людмила Ивановна  |2 stltpush  |3 (RuTPU)RU\TPU\pers\28728 
801 1 |a RU  |b 63413507  |c 20130528 
801 2 |a RU  |b 63413507  |c 20130914  |g RCR 
942 |c BK